Carmen

保存先:
書誌詳細
第一著者: Malherbe, Henry (autor)
フォーマット: 図書
言語:フランス語
出版事項: París Albin Michel 1951
主題:
タグ: タグ追加
タグなし, このレコードへの初めてのタグを付けませんか!

MARC

LEADER 00000nam a2200000 a 4500
001 UCN3212
003 CL-VaPUC
008 010622e19510000FR |||||||||||||||||fre|d
082 0 4 |a 782.1092  |b MAL  |2 21 
100 |a Malherbe, Henry  |e autor  |9 459653 
245 1 0 |a Carmen 
300 |a 315 p 
942 |c BK 
945 |d 20010622 00:00:00  |a crobeson 
260 |a París  |b Albin Michel  |c 1951 
600 0 |a Bizet, Georges  |9 306283 
650 7 |a OPERAS FRANCESAS - CRITICA E INTERPRETACION  |2 CL-VaPUC  |9 459654 
650 0 |a Compositores franceses  |9 328980 
650 0 |a Ópera francesa  |9 306298 
583 |a last modification  |c 20010622 00:00:00  |k Rodrigo Vera 
999 |c 296137  |d 296135 
952 |0 0  |1 0  |4 0  |6 782_109200000000000_MAL_1951  |7 0  |8 A  |9 349749  |a BIBEDU  |b BIBEDU  |d 2019-11-20  |i 123465K  |o 782.1092 MAL 1951  |p 123465K  |r 2023-01-12  |w 2019-11-20  |y BK  |k MUS